Statistical physics /
Guardado en:
| Autor Principal: | |
|---|---|
| Otros Autores: | , |
| Formato: | Libro |
| Idioma: | English Russian |
| Publicado: |
Oxford :
Pergamon Press,
1980.
|
| Series: | Pergamon international library of science, technology, engineering, and social studies
Landau, L. D. (Lev Davidovich), 1908-1968. Teoreticheskaia fizika (Izd. 3-e). v. 5. Landau, L. D. (Lev Davidovich), 1908-1968. Teoreticheskaia fizika (Izd. 2-e). v. 9. |
| Materias: | |
| Etiquetas: |
Agregar Etiqueta
Sin Etiquetas, Sea el primero en etiquetar este registro!
|
| LEADER | 02590cam a2200421 a 4500 | ||
|---|---|---|---|
| 001 | MAT.inmabb002772 | ||
| 008 | 780509s1980####enka##########001#0#eng## | ||
| 005 | 20180611162533.0 | ||
| 245 | 1 | 0 | |a Statistical physics / |c by L. D. Landau and E. M. Lifshitz ; translated from the Russian by J. B. Sykes and M. J. Kearsley. |
| 260 | |a Oxford : |b Pergamon Press, |c 1980. | ||
| 300 | |a 2 v. : |b il. ; |c 25 cm. | ||
| 490 | 1 | |a Course of theoretical physics ; |v v. 5, 9 | |
| 440 | 0 | |a Pergamon international library of science, technology, engineering, and social studies | |
| 500 | |a Traducción de: Statisticheskaia fizika. | ||
| 500 | |a Vol. 1, 3rd ed., rev. and enl.; v. 2, 2nd ed., rev. and enl. | ||
| 500 | |a Vol. 2 by E. M. Lifshitz and L. P. Pitaevskii. | ||
| 505 | 0 | |a Part 1: 1. The fundamental principles of statistical physics -- 2. Thermodinamic quantities -- 3. The Gibbs distribution -- 4. Ideal gases -- 5. The Fermi and Bose distributions -- 6. Solids -- 7. Non-ideal gases -- 8. Phase equilibrium -- 9. Solutions -- 10. Chemical reactions -- 11. Properties of matter at very high density -- 12. Fluctuations -- 13. The symmetry of crystals -- 14. Phase transitions of the second kind and critical phenomena -- 15. Surfaces. | |
| 505 | 0 | |a Part 2: 1. The normal Fermi liquid -- 2. Green's functions in a Fermi system at T=0 -- 3. Superfluidity -- 4. Green's functions at non-zero temperatures -- 5. Superconductivity -- 6. Electrons in the crystal lattice -- 7. Magnetism -- 8. Electromagnetic fluctuations -- 9. Hydrodynamic fluctuations. | |
| 510 | 4 | |a MR, |c 80d:82002 |3 (de la ed. original del v. 9) | |
| 020 | |a 0080230385 (pbk. : pt. 1) | ||
| 020 | |a 0080230725 (pbk. : pt. 2) | ||
| 020 | |a 0080230393 (pt. 1) | ||
| 020 | |a 0080230733 (pt. 2) | ||
| 100 | 1 | |a Landau, L. D. |q (Lev Davidovich), |d 1908-1968. | |
| 240 | 1 | 0 | |a Statisticheskaia fizika. |l Inglés |
| 700 | 1 | |a Lifshits, E. M. |q (Evgenii Mikhailovich) | |
| 700 | 1 | |a Pitaevskii, L. P. |q (Lev Petrovich) | |
| 800 | 1 | |a Landau, L. D. |q (Lev Davidovich), |d 1908-1968. |t Teoreticheskaia fizika (Izd. 3-e). |l Inglés ; |v v. 5. | |
| 800 | 1 | |a Landau, L. D. |q (Lev Davidovich), |d 1908-1968. |t Teoreticheskaia fizika (Izd. 2-e). |l Inglés ; |v v. 9. | |
| 650 | 0 | |a Statistical physics. | |
| 084 | |a 82-01 |2 msc2000 | ||
| 010 | |a 78040140 | ||
| 040 | |a DLC |c DLC |d DLC | ||
| 041 | 1 | |a eng |h rus | |
| 859 | |h 82 |i L253 |p A-5232 |v 1 |3 Part 1 |b BIB. MATEMATICA | ||
| 859 | |h 82 |i L253 |p A-6527 |t Ej. 2 |v 1 |3 Part 1 |b BIB. MATEMATICA | ||
| 859 | |h 82 |i L253 |p A-5233 |v 2 |3 Part 2 |b BIB. MATEMATICA | ||
| 859 | |h 82 |i L253 |p A-6528 |t Ej. 2 |v 2 |3 Part 2 |b BIB. MATEMATICA | ||
